000 00201nam a2200073Ia 4500
008 170620s9999 xx 000 0 und d
100 _aSharma- R. A.
245 0 _aFundamentals of Teaching English
260 _bMeerut- Surya Publications
999 _c24009
_d24009